000 00372nam a22001337a 4500
020 _qPB.
040 _cFizza Ishaq
082 _a658.84
_bSID
100 _aHuff, Laurence Sidney.
_9134314
245 _aCases In Electronic Commerce /
_cSidney Laurence Huff.
260 _aNew York :
_bMc Graw Hill,
_c1999.
300 _a470 p, ;
_c7.25 x 1 x 9.25 inches
942 _2ddc
_cBK
999 _c617288
_d617288